000
00184 a2200097 4500
020
_a
5649731546
041
_a
spa
100
_a
J. Coronel Urtecho
245
_a
Prosa reunida
942
_c
BK
999
_c
5681
_d
5681